Quaid E Azam: Challenge Secularism (Record no. 13310)
[ view plain ]
| 000 -LEADER | |
|---|---|
| fixed length control field | 00231nam a22000977a 4500 |
| 082 ## - DEWEY DECIMAL CLASSIFICATION NUMBER | |
| Classification number | 954 |
| Item number | 10392 |
| 100 ## - MAIN ENTRY--AUTHOR NAME | |
| Personal name | Azad Bin Haider |
| 245 ## - TITLE STATEMENT | |
| Title | Quaid E Azam: Challenge Secularism |
| 260 ## - PUBLICATION, DISTRIBUTION, ETC. (IMPRINT) | |
| Place of publication | Karachi |
| Name of publisher | Jinnah thinkers forum |
| 942 ## - ADDED ENTRY ELEMENTS (KOHA) | |
| Koha item type | Books |
| Withdrawn status | Lost status | Permanent Location | Current Location | Shelving location | Date acquired | Full call number | Accession Number | Koha item type |
|---|---|---|---|---|---|---|---|---|
| | | MAJU | MAJU | | 2022-05-21 | 954 | 10392 | Books |